书目信息 |
| 题名: |
电路基础习题集
|
|
| 作者: | 饭高成男 著 ;何希才 译 | |
| 分册: | ||
| 出版信息: | 北京 科学出版社 2001.01 |
|
| 页数: | 223页 | |
| 开本: | 20cm | |
| 丛书名: | ||
| 单 册: | ||
| 中图分类: | TN , TM13-44 | |
| 科图分类: | ||
| 主题词: | 电路理论 | |
| 电子资源: | ||
| ISBN: | 7-03-008850-6 | |
| 000 | 00641nam0 2200217 45 | |
| 001 | 0255974782 | |
| 005 | 2002110815325478 | |
| 010 | @a7-03-008850-6@dRMB 15.00 | |
| 100 | @a20021108d2001 km y0chiy0120 ea | |
| 101 | 0 | @achi |
| 102 | @aCN@b110000 | |
| 200 | 1 | @a电路基础习题集@Adian lu ji chu xi ti ji@f(日)饭高成男著;何希才译@F(ri)fan gao cheng nan zhu;he xi cai yi |
| 210 | @a北京@c科学出版社@d2001.01 | |
| 215 | @a223页@d20cm | |
| 606 | 0 | @a电路理论 |
| 690 | @aTN@v3 | |
| 690 | @aTM13-44@v4 | |
| 701 | 0 | @a饭高成男@Afan gao cheng nan@4著 |
| 702 | 0 | @a何希才@Ahe xi cai@4译 |
| 801 | 0 | @aCN@bPFT@c20021108 |
| 905 | @a10447@dTM13-44@eF087 | |
| 电路基础习题集/(日)饭高成男著;何希才译.-北京:科学出版社,2001.01 |
| 223页;20cm |
| ISBN 7-03-008850-6:RMB 15.00 |
| ● |
| 相关链接 |
|
|
|
正题名:电路基础习题集
索取号:TM13-44/F087
 
预约/预借
| 序号 | 登录号 | 条形码 | 馆藏地/架位号 | 状态 | 备注 |
| 1 | 368253 | 203682531 | 自科二线404/301自科库 6排2列4层/ [索取号:TM13-44/F087] | 在馆 | |
| 2 | 368254 | 203682540 | 自科库301/301自科库 9排1列4层/ [索取号:TM13-44/F087] | 在馆 | |
| 3 | 368255 | 203682559 | 自科库301/301自科库 9排1列4层/ [索取号:TM13-44/F087] | 在馆 |